| 000 | 00000nas##2200000za#4500 |
| 001 | 9.502625 |
| 003 | CaOODSP |
| 005 | 20200325091218 |
| 007 | cr ||||||||||| |
| 008 | 150406c2003||||xxc|| m o||||f| |0fre|d |
| 022 | |a1707-4509 |
| 040 | |aCaOODSP|bfre |
| 043 | |an-cn--- |
| 086 | 1 |aFs76-2F-PDF |
| 110 | 1 |aCanada. |bMinistère des pêches et des océans. |
| 245 | 10|aRapport sur l'état de l'écosystème |h[ressource électronique] |
| 246 | 1 |iTitre de renvoi : |aAperçu de l'écosystème |
| 260 | |aOttawa - Ontario : |bPêches et Océans Canada |
| 310 | |aIrrégulier |
| 362 | 1 |a2003/001-- 2004/007 |
| 775 | 08|tEcosystem status report |w(CaOODSP)9.506227 |